[Event "IM Not A GM Speed Chess"]
[Site "chess.com INT"]
[Date "2020.05.23"]
[Round "4.1"]
[White "Bartholomew, John"]
[Black "Kashlinskaya, Alina"]
[Result "1-0"]
[WhiteTitle "IM"]
[BlackTitle "IM"]
[WhiteElo "2446"]
[BlackElo "2494"]
[WhiteFideId "2019353"]
[BlackFideId "4198026"]
[EventDate "2020.04.18"]

1. d4 Nf6 2. Nf3 g6 3. Bg5 Bg7 4. Nbd2 O-O 5. e4 d5 6. exd5 Nxd5 7. c3 h6 8. Bh4
Nd7 9. Bc4 c6 10. O-O f5 11. h3 f4 12. Re1 g5 13. Bxg5 hxg5 14. Nxg5 Nf6 15. Bd3
Qe8 16. Ndf3 b5 17. Ne5 Bd7 18. Bg6 Qc8 19. Bf7+ Rxf7 20. Nexf7 Bf5 21. Ne5 Qc7
22. Nd3 Rd8 23. Ne6 Bxe6 24. Rxe6 Rf8 25. Qf3 Nd7 26. Rae1 Rf7 27. a3 Nf8 28.
R6e2 Ng6 29. Qg4 Nf8 30. Ne5 Rf6 31. h4 Qd6 32. h5 c5 33. Nf3 cxd4 34. Nxd4 a6
35. Nf5 Rxf5 36. Qxf5 e6 37. Qg4 Kh7 38. Rd1 Qc6 39. Qf3 Nd7 40. Qe4+ Kh8 41.
Qxe6 Qxe6 42. Rxe6 N7b6 43. h6 Bf8 44. Rc6 Kh7 45. Re1 Bxh6 46. Ree6 1-0

[Event "IM Not A GM Speed Chess"]
[Site "chess.com INT"]
[Date "2020.05.23"]
[Round "4.2"]
[White "Kashlinskaya, Alina"]
[Black "Bartholomew, John"]
[Result "1-0"]
[WhiteTitle "IM"]
[BlackTitle "IM"]
[WhiteElo "2494"]
[BlackElo "2446"]
[WhiteFideId "4198026"]
[BlackFideId "2019353"]
[EventDate "2020.04.18"]

1. d4 d5 2. c4 c6 3. Nf3 Nf6 4. Nc3 dxc4 5. a4 Bf5 6. Ne5 Nbd7 7. Nxc4 Nb6 8.
Ne5 a5 9. e3 e6 10. g4 Bg6 11. h4 Nfd7 12. Nxd7 Nxd7 13. h5 Bb4 14. hxg6 fxg6
15. Bd3 Qf6 16. Qe2 e5 17. Bd2 O-O-O 18. O-O-O exd4 19. exd4 Qxd4 20. Be3 Qf6
21. Ne4 Qe5 22. Kb1 h6 23. Qc2 g5 24. Bd2 Bxd2 25. Rxd2 Kb8 26. Rhd1 Qf4 27. Qc3
Qxg4 28. Qxa5 Qf4 29. Bc2 Qc7 30. Qc3 Rhg8 31. Bb3 Rge8 32. Nd6 Re7 33. Nf7 Rf8
34. Qxg7 Rfe8 35. Qc3 Ne5 36. Nxe5 Rxe5 37. Rd7 Qb6 38. Bf7 R8e7 39. a5 Rxd7 40.
Qxe5+ 1-0

[Event "IM Not A GM Speed Chess"]
[Site "chess.com INT"]
[Date "2020.05.23"]
[Round "4.3"]
[White "Bartholomew, John"]
[Black "Kashlinskaya, Alina"]
[Result "1-0"]
[WhiteTitle "IM"]
[BlackTitle "IM"]
[WhiteElo "2446"]
[BlackElo "2494"]
[WhiteFideId "2019353"]
[BlackFideId "4198026"]
[EventDate "2020.04.18"]

1. d4 Nf6 2. Nf3 g6 3. Bg5 Bg7 4. Nbd2 O-O 5. e3 d6 6. c3 c5 7. Bd3 h6 8. Bh4
Nc6 9. O-O cxd4 10. cxd4 Bd7 11. Rc1 Rc8 12. a3 Qe8 13. h3 Nh5 14. d5 Ne5 15.
Nxe5 Bxe5 16. Rxc8 Bxc8 17. Nc4 Bg7 18. b4 Nf6 19. e4 Bd7 20. Re1 Qc8 21. e5
Nxd5 22. exd6 Nc3 23. Qf3 Bc6 24. Qg3 exd6 25. Be7 d5 26. Bxf8 Kxf8 27. Ne5 d4
28. Qf4 Qd8 29. Qxf7# 1-0

[Event "IM Not A GM Speed Chess"]
[Site "chess.com INT"]
[Date "2020.05.23"]
[Round "4.4"]
[White "Kashlinskaya, Alina"]
[Black "Bartholomew, John"]
[Result "1-0"]
[WhiteTitle "IM"]
[BlackTitle "IM"]
[WhiteElo "2494"]
[BlackElo "2446"]
[WhiteFideId "4198026"]
[BlackFideId "2019353"]
[EventDate "2020.04.18"]

1. d4 d5 2. c4 c6 3. Nf3 Nf6 4. Nc3 dxc4 5. a4 Bf5 6. Ne5 Nbd7 7. Nxc4 Nb6 8.
Ne5 a5 9. e3 h6 10. f3 Nfd7 11. e4 Bh7 12. Nd3 e6 13. Be2 Be7 14. O-O O-O 15.
Be3 Nc4 16. Bf2 Nd6 17. Qb3 Rb8 18. Rad1 b5 19. Ne5 Qc8 20. Rc1 b4 21. Nxc6 Bg5
22. Nb5 Qa6 23. Nxb8 Rxb8 24. Rc7 Nf8 25. Bg3 Nxb5 26. Bxb5 Qb6 27. Rc5 Rb7 28.
Bf2 Qd8 29. d5 Bg6 30. Rd1 e5 31. Qc4 Kh7 32. Rc8 1-0

[Event "IM Not A GM Speed Chess"]
[Site "chess.com INT"]
[Date "2020.05.23"]
[Round "4.5"]
[White "Bartholomew, John"]
[Black "Kashlinskaya, Alina"]
[Result "1/2-1/2"]
[WhiteTitle "IM"]
[BlackTitle "IM"]
[WhiteElo "2446"]
[BlackElo "2494"]
[WhiteFideId "2019353"]
[BlackFideId "4198026"]
[EventDate "2020.04.18"]

1. d4 Nf6 2. Nf3 d5 3. c4 e6 4. Bg5 Bb4+ 5. Nc3 h6 6. Bxf6 Qxf6 7. Qa4+ Nc6 8.
e3 O-O 9. Rc1 Qg6 10. Qc2 Qxc2 11. Rxc2 Rd8 12. a3 Bf8 13. cxd5 exd5 14. Bd3 Ne7
15. O-O c6 16. Na4 Bf5 17. Ne5 Bxd3 18. Nxd3 Nf5 19. Nac5 Nd6 20. a4 Re8 21. Rb1
f6 22. g4 Kf7 23. Kg2 h5 24. h3 hxg4 25. hxg4 Be7 26. Rh1 Rh8 27. Rxh8 Rxh8 28.
Nf4 g5 29. Ne2 Rh4 30. f3 Nc4 31. Rc3 b6 32. b3 Nb2 33. Nb7 c5 34. dxc5 bxc5 35.
Nxc5 Nd1 36. Rd3 Nxe3+ 37. Rxe3 Bxc5 38. Rd3 Ke6 39. Nc3 Bd6 40. Nxd5 Rh2+ 41.
Kf1 Rb2 42. Ke1 Be5 43. Kd1 Rf2 44. b4 Rb2 45. Kc1 Ra2 46. a5 a6 47. Kb1 Rb2+
48. Kc1 Ra2 49. Kd1 Rb2 50. Kc1 Ra2 1/2-1/2

[Event "IM Not A GM Speed Chess"]
[Site "chess.com INT"]
[Date "2020.05.23"]
[Round "4.6"]
[White "Kashlinskaya, Alina"]
[Black "Bartholomew, John"]
[Result "1-0"]
[WhiteTitle "IM"]
[BlackTitle "IM"]
[WhiteElo "2494"]
[BlackElo "2446"]
[WhiteFideId "4198026"]
[BlackFideId "2019353"]
[EventDate "2020.04.18"]

1. d4 Nf6 2. c4 c5 3. d5 e5 4. Nc3 d6 5. e4 g6 6. Bd3 Bg7 7. Nge2 a6 8. O-O O-O
9. h3 Nbd7 10. Be3 Nh5 11. Qd2 f5 12. f4 exf4 13. Nxf4 Nxf4 14. Bxf4 Ne5 15. Kh1
Bd7 16. Rae1 Rb8 17. exf5 gxf5 18. a4 Qb6 19. Bh6 Bxh6 20. Qxh6 Qxb2 21. Re3
Qxc3 22. Bxf5 Rxf5 23. Rxc3 Rxf1+ 24. Kh2 Bf5 25. Qxd6 Re8 26. Qxc5 Bg6 27. d6
Rd1 28. Re3 Ng4+ 29. hxg4 Rxe3 30. Qxe3 Rxd6 31. Qe5 Rd7 32. c5 Kf7 33. g5 Re7
34. Qf6+ Ke8 35. Qd6 Be4 36. Kg3 Bc6 37. Kf4 Rf7+ 38. Ke5 Rd7 39. Qb8+ Kf7 40.
Qh8 Re7+ 41. Kd6 Re6+ 42. Kc7 Re7+ 43. Kb6 Be4 44. c6 bxc6 45. Kxa6 c5 46. Kb5
Bd3+ 47. Kxc5 Bg6 48. a5 Ke6 49. a6 Be4 50. Qf6+ Kd7 51. Qd6+ Ke8 52. a7 Bb7 53.
Qb8+ Kf7 54. Qxb7 Rxb7 55. a8=Q Re7 56. Qf3+ Kg8 57. Qf6 Rf7 58. Qe6 Kg7 59. Kd5
Rf8 60. Ke5 Rf7 61. Qf6+ Kg8 62. Qe6 Kg7 63. g3 Rf8 64. Qf6+ Kg8 65. Ke6 Re8+
66. Kd7 Rf8 67. Ke7 Ra8 68. Qf7+ Kh8 69. Qf8+ 1-0

[Event "IM Not A GM Speed Chess"]
[Site "chess.com INT"]
[Date "2020.05.23"]
[Round "4.7"]
[White "Bartholomew, John"]
[Black "Kashlinskaya, Alina"]
[Result "0-1"]
[WhiteTitle "IM"]
[BlackTitle "IM"]
[WhiteElo "2446"]
[BlackElo "2494"]
[WhiteFideId "2019353"]
[BlackFideId "4198026"]
[EventDate "2020.04.18"]

1. d4 Nf6 2. Nf3 d5 3. g3 e6 4. Bg2 b5 5. O-O Be7 6. a4 b4 7. Bf4 O-O 8. Nbd2 c5
9. c3 Nbd7 10. cxb4 cxb4 11. a5 Ba6 12. Nb3 Ne4 13. Nfd2 Ndf6 14. f3 Nxd2 15.
Qxd2 Bc4 16. Nc5 Nd7 17. Nb7 Qc8 18. Nd6 Qc6 19. Nxc4 dxc4 20. e4 Rfd8 21. Be3
c3 22. bxc3 bxc3 23. Qa2 Rab8 24. Rab1 h6 25. Rfc1 e5 26. d5 Qc7 27. Bf1 Rxb1
28. Rxb1 Bc5 29. Qf2 Bxe3 30. Qxe3 Qxa5 31. Rc1 Rc8 32. Rc2 Rc5 33. Bh3 Nb6 34.
d6 Qa4 35. Qd3 Qd4+ 36. Qxd4 exd4 37. Bf1 Kf8 38. f4 f6 39. Bd3 Ke8 40. Ra2 Nc8
41. Kf1 Kd7 42. Ke2 Kxd6 43. Ra4 c2 44. Rxd4+ Ke7 45. Bxc2 Rxc2+ 46. Kf3 Rxh2
47. Rc4 Kd7 48. Rd4+ Kc7 49. Rc4+ Kb7 50. Rd4 Nb6 51. e5 fxe5 52. fxe5 Rh1 53.
e6 Re1 54. Rd6 Kc7 0-1

[Event "IM Not A GM Speed Chess"]
[Site "chess.com INT"]
[Date "2020.05.23"]
[Round "4.8"]
[White "Kashlinskaya, Alina"]
[Black "Bartholomew, John"]
[Result "0-1"]
[WhiteTitle "IM"]
[BlackTitle "IM"]
[WhiteElo "2494"]
[BlackElo "2446"]
[WhiteFideId "4198026"]
[BlackFideId "2019353"]
[EventDate "2020.04.18"]

1. d4 d5 2. c4 c6 3. Nf3 Nf6 4. Nc3 dxc4 5. a4 Bf5 6. Ne5 Nbd7 7. Nxc4 Nb6 8.
Ne5 a5 9. e3 h6 10. f3 e6 11. e4 Bh7 12. Be2 Be7 13. O-O O-O 14. Be3 Nfd7 15.
Nd3 Nc4 16. Bf2 e5 17. Qb3 Nd2 18. Qc2 Nxf1 19. dxe5 Qb8 20. f4 Nxh2 21. Kxh2
Kh8 22. Bg3 f5 23. exf6 Nxf6 24. f5 Bd6 25. e5 Bc7 26. Rf1 Nd7 27. f6 Nxe5 28.
fxg7+ Kxg7 29. Rxf8 Kxf8 30. Qd2 Nf7 31. Nf4 Kg8 32. Bc4 Qd8 33. Qf2 Qf6 34. Kh1
Rf8 35. Ne6 Qxf2 36. Bxf2 Rc8 37. Ne2 Be5 38. N2d4 c5 39. Nf3 Bxb2 40. Bxc5 Bf5 0-1

[Event "IM Not A GM Speed Chess"]
[Site "chess.com INT"]
[Date "2020.05.23"]
[Round "4.9"]
[White "Bartholomew, John"]
[Black "Kashlinskaya, Alina"]
[Result "1-0"]
[WhiteTitle "IM"]
[BlackTitle "IM"]
[WhiteElo "2446"]
[BlackElo "2494"]
[WhiteFideId "2019353"]
[BlackFideId "4198026"]
[EventDate "2020.04.18"]

1. d4 Nf6 2. Nf3 d5 3. g3 e6 4. Bg2 b5 5. O-O Be7 6. Bf4 O-O 7. Nbd2 c5 8. c3
Bb7 9. Ne5 Nbd7 10. Nd3 Qb6 11. dxc5 Nxc5 12. Nxc5 Qxc5 13. a4 b4 14. c4 Rfd8
15. Rc1 Qb6 16. Qb3 Rac8 17. Bg5 h6 18. Bxf6 Bxf6 19. cxd5 Rxc1 20. Rxc1 Bxd5
21. Bxd5 Rxd5 22. Nc4 Qd8 23. a5 h5 24. Kg2 Be7 25. Qf3 h4 26. b3 Rf5 27. Qe4
h3+ 28. Kf1 Rd5 29. Ne3 Rd4 30. Qc6 g6 31. Qc8 Kg7 32. Qxd8 Bxd8 33. Nc4 Rd5 34.
e3 Bxa5 35. e4 Rc5 36. Rd1 Bb6 37. Rd7 Rc7 38. Rd6 Bc5 39. Ra6 Kf6 40. Ke2 g5
41. f4 gxf4 42. gxf4 Ke7 43. Kf3 Rd7 44. e5 Rd3+ 45. Kg4 Rxb3 46. Rc6 Bb6 47.
Nxb6 axb6 48. Rxb6 Kd7 49. Rb7+ Kc6 50. Rxf7 Re3 51. Re7 b3 52. Rxe6+ Kc5 53.
Re8 Kc4 54. Rb8 Re2 55. Kxh3 b2 56. Kg4 Kd4 57. Kf5 Rxh2 58. e6 Kc3 59. Kf6 Rh6+
60. Ke5 Rh8 61. Rxb2 Kxb2 62. f5 Kc3 63. f6 Kc4 64. f7 Kc5 65. e7 Rh5+ 66. Ke6
Rh6+ 67. Kd7 Rd6+ 68. Kc7 Rc6+ 69. Kd7 Rd6+ 70. Ke8 Kc6 71. f8=Q Kc7 72. Kf7 1-0

[Event "IM Not A GM Speed Chess"]
[Site "chess.com INT"]
[Date "2020.05.23"]
[Round "4.10"]
[White "Kashlinskaya, Alina"]
[Black "Bartholomew, John"]
[Result "0-1"]
[WhiteTitle "IM"]
[BlackTitle "IM"]
[WhiteElo "2494"]
[BlackElo "2446"]
[WhiteFideId "4198026"]
[BlackFideId "2019353"]
[EventDate "2020.04.18"]

1. d4 d5 2. c4 c6 3. Nf3 Nf6 4. Nc3 dxc4 5. a4 Bf5 6. Ne5 Nbd7 7. Nxc4 Nb6 8.
Ne5 a5 9. e3 h6 10. f3 e6 11. e4 Bh7 12. Be2 Be7 13. O-O O-O 14. Be3 Nfd7 15.
Nd3 Nc4 16. Bf2 e5 17. dxe5 Ndxe5 18. Nxe5 Nxe5 19. Qb3 Bb4 20. Rad1 Qe7 21. Kh1
Kh8 22. Bg3 f6 23. f4 Nd7 24. Bf3 Nc5 25. Qc4 Bxc3 26. bxc3 Nxe4 27. Bxe4 Bxe4
28. f5 Bd5 29. Qg4 Qc5 30. Bf4 Qxc3 31. Qg6 Bf7 32. Qg4 Rad8 33. h3 Rd4 34. Rxd4
Qxd4 35. Rd1 Qxa4 36. Rd7 Qb3 37. Qh4 Qb1+ 38. Kh2 Qxf5 39. Rxb7 Kg8 40. Qg3 Kh7
41. Qh4 g5 42. Qe1 Qxf4+ 43. Kh1 Qe5 0-1

[Event "IM Not A GM Speed Chess"]
[Site "chess.com INT"]
[Date "2020.05.23"]
[Round "4.11"]
[White "Bartholomew, John"]
[Black "Kashlinskaya, Alina"]
[Result "1-0"]
[WhiteTitle "IM"]
[BlackTitle "IM"]
[WhiteElo "2446"]
[BlackElo "2494"]
[WhiteFideId "2019353"]
[BlackFideId "4198026"]
[EventDate "2020.04.18"]

1. d4 Nf6 2. Nf3 d5 3. Bg5 Ne4 4. Bf4 Bf5 5. e3 e6 6. Nbd2 Bd6 7. Ne5 Nd7 8. Be2
O-O 9. O-O Nxd2 10. Qxd2 f6 11. Nd3 e5 12. Bg3 Qe7 13. a4 c6 14. a5 Rae8 15.
Rfe1 Bg6 16. a6 b6 17. c3 h5 18. Nb4 Nb8 19. h4 Qd7 20. Qd1 Qf7 21. Bf3 Kh8 22.
Be2 Rd8 23. Bd3 Bxd3 24. Nxd3 Nd7 25. Nb4 Rc8 26. Qf3 Qg6 27. Rad1 e4 28. Qe2
Bxg3 29. fxg3 f5 30. Qf2 Nf6 31. Qf4 Ng4 32. Rc1 Qe6 33. b3 Rf7 34. c4 Nf6 35.
Qe5 Re8 36. Qxe6 Rxe6 37. cxd5 cxd5 38. Rc8+ Kh7 39. Rec1 Ng4 40. R1c3 Rd7 41.
Kf1 Rg6 42. Ke2 Nf6 43. Kf2 Ng4+ 44. Ke1 Nf6 45. R8c7 Rxg3 46. Rxd7 Nxd7 47. Kf2
Rg6 48. Rc7 Nf6 49. Rxa7 Ng4+ 50. Ke2 Nh2 51. Kf2 Ng4+ 52. Ke2 Nh2 53. Rc7 Rxg2+
54. Kd1 Nf3 55. a7 Rg1+ 56. Kc2 Ra1 57. Kb2 Ra5 58. Rb7 Ne1 59. Nc6 Nd3+ 60. Kc3
Ra1 61. Rb8 Rc1+ 62. Kd2 Rxc6 63. a8=Q 1-0

[Event "IM Not A GM Speed Chess"]
[Site "chess.com INT"]
[Date "2020.05.23"]
[Round "4.12"]
[White "Kashlinskaya, Alina"]
[Black "Bartholomew, John"]
[Result "0-1"]
[WhiteTitle "IM"]
[BlackTitle "IM"]
[WhiteElo "2494"]
[BlackElo "2446"]
[WhiteFideId "4198026"]
[BlackFideId "2019353"]
[EventDate "2020.04.18"]

1. d4 d5 2. c4 c6 3. Nf3 Nf6 4. Nc3 dxc4 5. a4 Bf5 6. e3 e6 7. Bxc4 Bb4 8. O-O
Nbd7 9. Nh4 O-O 10. h3 a5 11. Nxf5 exf5 12. Qf3 g6 13. g4 fxg4 14. hxg4 Qe7 15.
Kg2 h5 16. gxh5 Nxh5 17. e4 Rae8 18. Bh6 Ng7 19. Rae1 Qf6 20. Qxf6 Nxf6 21. e5
Nfh5 22. Rh1 Rd8 23. Rd1 Rfe8 24. Ne4 Be7 25. Bg5 Nf5 26. Be3 Kg7 27. Be2 Rh8
28. Bg4 Kf8 29. Ng5 Kg7 30. e6 Bxg5 31. Bxg5 f6 32. Be3 Rde8 33. d5 cxd5 34.
Rxd5 Rxe6 35. Rd7+ Kg8 36. Rc1 Re8 37. Rcc7 Nxe3+ 38. fxe3 f5 39. Bf3 Rh6 40.
Bd5+ Kh8 41. Rxb7 Nf6 42. Bc4 Nxd7 43. Rxd7 Rxe3 44. Rd5 Rh4 45. Rxa5 Rxc4 0-1

[Event "IM Not A GM Speed Chess"]
[Site "chess.com INT"]
[Date "2020.05.23"]
[Round "4.13"]
[White "Bartholomew, John"]
[Black "Kashlinskaya, Alina"]
[Result "1-0"]
[WhiteTitle "IM"]
[BlackTitle "IM"]
[WhiteElo "2446"]
[BlackElo "2494"]
[WhiteFideId "2019353"]
[BlackFideId "4198026"]
[EventDate "2020.04.18"]

1. d4 Nf6 2. Nf3 d5 3. Bg5 Ne4 4. Bf4 Bf5 5. e3 e6 6. Nbd2 Bd6 7. Ne5 O-O 8. Be2
Nd7 9. O-O Nxd2 10. Qxd2 f6 11. Nd3 e5 12. Bg3 Qe7 13. a4 a5 14. c3 c6 15. Rfe1
g5 16. Bh5 Kh8 17. f3 Qg7 18. e4 dxe4 19. fxe4 Be6 20. dxe5 Nxe5 21. Nxe5 Bxe5
22. Bxe5 fxe5 23. Qd6 Rf6 24. Be2 Raf8 25. Rf1 Bd5 26. Rxf6 Rxf6 27. Qd8+ Rf8
28. Qxa5 Bxe4 29. Rf1 Rxf1+ 30. Bxf1 Qf6 31. Qa8+ Kg7 32. Qxb7+ Kg6 33. Qb6 Qf4
34. Qf2 Qc1 35. Qe2 Kf5 36. a5 Bd5 37. c4 Be4 38. a6 Qa1 39. Qf2+ Ke6 40. Qe3
Bc2 41. a7 e4 42. Kf2 Qa5 43. Be2 Bb1 44. b4 Qa2 45. b5 cxb5 46. cxb5 Bd3 47. b6 1-0

[Event "IM Not A GM Speed Chess"]
[Site "chess.com INT"]
[Date "2020.05.23"]
[Round "4.14"]
[White "Kashlinskaya, Alina"]
[Black "Bartholomew, John"]
[Result "1-0"]
[WhiteTitle "IM"]
[BlackTitle "IM"]
[WhiteElo "2494"]
[BlackElo "2446"]
[WhiteFideId "4198026"]
[BlackFideId "2019353"]
[EventDate "2020.04.18"]

1. d4 d5 2. c4 c6 3. Nf3 Nf6 4. Nbd2 Bf5 5. Nh4 Be4 6. Qb3 Qc7 7. f3 Bg6 8. Nxg6
hxg6 9. g3 e6 10. Bg2 Nbd7 11. O-O Bd6 12. e4 Bxg3 13. hxg3 Qxg3 14. Rf2 O-O-O
15. Nf1 Qh4 16. exd5 exd5 17. Qe3 dxc4 18. Qf4 Nd5 19. Qxh4 Rxh4 20. Bg5 Rxd4
21. Bxd8 Kxd8 22. Rd2 Rf4 23. Re1 b5 24. Ne3 N7f6 25. Nxd5 cxd5 26. Kf2 Kd7 27.
Ke3 Rh4 28. Rh1 Rxh1 29. Bxh1 Kd6 30. f4 Kc5 31. Bf3 a5 32. a3 b4 33. axb4+ axb4
34. Rd1 b3 35. Ra1 d4+ 36. Kd2 Kb4 37. Ra7 c3+ 38. Kc1 Ne8 39. Rb7+ Kc4 40. Rxf7
Nd6 41. Rc7+ Kb4 42. Bd5 Nb5 43. Rxg7 d3 44. bxc3+ Kxc3 45. Bxb3 Kxb3 46. Rxg6
Nd4 47. Kd2 Kc4 48. Rd6 Nb3+ 49. Ke3 d2 50. f5 Kc5 51. Rd8 Kc6 52. f6 Nc5 53. f7
d1=Q 54. Rxd1 Ne6 55. Rd8 Nxd8 56. f8=Q Ne6 57. Qe7 Kd5 58. Qd7+ Ke5 59. Qb5+
Kd6 60. Ke4 Nc5+ 61. Kf5 Ne6 62. Qb6+ Kd5 63. Qxe6+ Kd4 64. Qe5+ Kd3 65. Qf4 Ke2
66. Qg3 Kd2 67. Qf3 1-0

[Event "IM Not A GM Speed Chess"]
[Site "chess.com INT"]
[Date "2020.05.23"]
[Round "4.15"]
[White "Bartholomew, John"]
[Black "Kashlinskaya, Alina"]
[Result "1-0"]
[WhiteTitle "IM"]
[BlackTitle "IM"]
[WhiteElo "2446"]
[BlackElo "2494"]
[WhiteFideId "2019353"]
[BlackFideId "4198026"]
[EventDate "2020.04.18"]

1. d4 d5 2. Nf3 Nf6 3. c4 e6 4. cxd5 exd5 5. Nc3 Bb4 6. Bg5 h6 7. Bxf6 Qxf6 8.
e3 O-O 9. Bd3 Be6 10. O-O Nd7 11. Rc1 c6 12. a3 Bd6 13. h3 Qe7 14. Na4 Nf6 15.
Qc2 Rad8 16. Bf5 Bxf5 17. Qxf5 Ne4 18. Ne5 g6 19. Qf4 Kg7 20. Qg4 Bxe5 21. dxe5
Qxe5 22. Nc3 f5 23. Qd1 Nd6 24. Qb3 f4 25. exf4 Qxf4 26. Rce1 Rf7 27. Ne2 Qf6
28. Qd3 Rdf8 29. Nd4 Ne4 30. f3 Nc5 31. Qc3 b6 32. b4 Na4 33. Ne6+ Kg8 34. Qxc6
Re7 35. Qxd5 Rff7 36. Nd8 Nc3 37. Qb3 Rxe1 38. Rxe1 Qxd8 39. Qxc3 Rc7 40. Qe5
Qd7 41. Kh2 Kf7 42. Qf4+ Kg7 43. Qe5+ Kf7 44. Re4 g5 45. h4 Kg6 46. Qh8 Rc8 47.
Qe5 Qc7 48. hxg5 hxg5 49. Qxc7 Rxc7 50. b5 Rc3 51. a4 Ra3 52. Rc4 Ra2 53. Kh3
Kf5 54. Kg3 Kf6 55. Rc6+ Kf5 56. Rc4 Kf6 57. Kh3 Kf5 58. g3 Ra3 59. g4+ Kf6 60.
Kg3 Ra2 61. Re4 Ra3 62. Kf2 Ra2+ 63. Ke3 Ra3+ 64. Ke2 Ra2+ 65. Kd1 Ra3 66. f4
gxf4 67. Rxf4+ Kg5 68. Rd4 Rg3 69. Kc2 Rxg4 70. Kc3 Rg3+ 71. Kc4 Kf6 72. Kd5 Rc3
73. Re4 Rc5+ 74. Kd6 Kf5 75. Re1 Rc4 76. Ra1 Ke4 77. a5 Rb4 78. axb6 axb6 79.
Kc6 Kd4 80. Kxb6 Kc4 81. Rc1+ Kd5 82. Ka6 Ra4+ 83. Kb7 Kd6 84. b6 Rh4 85. Ka7
Ra4+ 86. Kb8 Rb4 87. b7 Rb2 88. Rd1+ 1-0

[Event "IM Not A GM Speed Chess"]
[Site "chess.com INT"]
[Date "2020.05.23"]
[Round "4.16"]
[White "Kashlinskaya, Alina"]
[Black "Bartholomew, John"]
[Result "1-0"]
[WhiteTitle "IM"]
[BlackTitle "IM"]
[WhiteElo "2494"]
[BlackElo "2446"]
[WhiteFideId "4198026"]
[BlackFideId "2019353"]
[EventDate "2020.04.18"]

1. d4 d5 2. c4 c6 3. Nf3 Nf6 4. Nc3 dxc4 5. a4 Bf5 6. Ne5 Nbd7 7. Nxc4 Nb6 8.
Ne5 a5 9. e3 h6 10. f3 e6 11. e4 Bh7 12. Be2 Be7 13. O-O O-O 14. Be3 Nfd7 15.
Nxd7 Nxd7 16. Qc2 e5 17. d5 Bc5 18. Bxc5 Nxc5 19. Rad1 Qb6 20. Kh1 Rad8 21. Bc4
Bg6 22. b3 Kh7 23. Qf2 Nd7 24. Qg3 Qb4 25. Ne2 cxd5 26. Bxd5 f6 27. h4 Nb6 28.
Be6 h5 29. Qh3 Rd2 30. Ng3 Rfd8 31. Rxd2 Qxd2 32. Bf5 Qf4 33. Nxh5 Qh6 34. Ng3
Kh8 35. h5 Bf7 36. Bg4 Qg5 37. Nf5 Kg8 38. Ng3 Qf4 39. Be6 Bxe6 40. Qxe6+ Kh8
41. Nf5 Nc8 42. Qf7 Qg5 43. Qc7 Rg8 44. Rd1 Kh7 45. Rd8 Rxd8 46. Qxd8 Qc1+ 47.
Kh2 Qc6 48. Qf8 Qd7 49. Nh4 Kh6 50. Qh8+ Kg5 51. Nf5 Nd6 52. Nxd6 Qxd6 53. Qxg7+
Kf4 54. Qh6# 1-0

[Event "IM Not A GM Speed Chess"]
[Site "chess.com INT"]
[Date "2020.05.23"]
[Round "4.17"]
[White "Bartholomew, John"]
[Black "Kashlinskaya, Alina"]
[Result "1-0"]
[WhiteTitle "IM"]
[BlackTitle "IM"]
[WhiteElo "2446"]
[BlackElo "2494"]
[WhiteFideId "2019353"]
[BlackFideId "4198026"]
[EventDate "2020.04.18"]

1. d4 Nf6 2. Nf3 d5 3. c4 e6 4. Bg5 dxc4 5. Qa4+ Nbd7 6. e3 Be7 7. Bxc4 O-O 8.
Be2 a6 9. O-O b5 10. Qd1 Bb7 11. a4 b4 12. Nbd2 c5 13. a5 h6 14. Bh4 cxd4 15.
Nxd4 Nc5 16. Bf3 Nd5 17. Bg3 Bd6 18. Bxd6 Qxd6 19. Nc4 Qe7 20. Rc1 Rad8 21. Qe2
e5 22. Nf5 Qf6 23. Ng3 Rfe8 24. Ne4 Nxe4 25. Bxe4 Qe7 26. Qf3 Rd7 27. Rfd1 Red8
28. Qf5 g6 29. Qxe5 Qf8 30. Bf3 Re7 31. Qd4 Red7 32. Ne5 Rd6 33. Qh4 Qg7 34. Nc4
R6d7 35. h3 g5 36. Qd4 Nf6 37. Qe5 Bxf3 38. Rxd7 Nxd7 39. Qxg7+ Kxg7 40. gxf3
Nc5 41. Ne5 Nb3 42. Rc7 Kf6 43. Nd7+ Kf5 44. Nc5 Nxa5 45. Nxa6 f6 46. Nxb4 Rd1+
47. Kg2 Rd2 48. Rc5+ Kg6 49. Rxa5 1-0

[Event "IM Not A GM Speed Chess"]
[Site "chess.com INT"]
[Date "2020.05.23"]
[Round "4.18"]
[White "Kashlinskaya, Alina"]
[Black "Bartholomew, John"]
[Result "1-0"]
[WhiteTitle "IM"]
[BlackTitle "IM"]
[WhiteElo "2494"]
[BlackElo "2446"]
[WhiteFideId "4198026"]
[BlackFideId "2019353"]
[EventDate "2020.04.18"]

1. d4 d5 2. c4 c6 3. Nf3 Nf6 4. Nbd2 Bf5 5. Nh4 Be4 6. Qb3 Qc7 7. Nxe4 dxe4 8.
g3 Nbd7 9. Ng2 e5 10. dxe5 Nxe5 11. Ne3 Bc5 12. Bg2 O-O 13. O-O Rfe8 14. Qc3
Rad8 15. Nc2 a5 16. Bg5 Ned7 17. Rad1 h6 18. Bf4 Qb6 19. Ne3 Nf8 20. Nf5 Rxd1
21. Rxd1 Bxf2+ 22. Kh1 Qb4 23. Qc2 Bc5 24. a3 Qb6 25. Qc3 N8h7 26. Qd2 a4 27.
Bxh6 e3 28. Qc3 gxh6 29. Nxh6+ Kf8 30. Rf1 Bd4 31. Qd3 Re7 32. Qf5 Qc5 33. Qc8+
Re8 34. Qxb7 Qe7 35. Qxc6 Rd8 36. Nf5 Qe5 37. Bd5 Nxd5 38. Qh6+ Ke8 39. cxd5
Qxd5+ 40. Kg1 Nf8 41. Qh4 Be5 42. Qe7# 1-0

[Event "IM Not A GM Speed Chess"]
[Site "chess.com INT"]
[Date "2020.05.23"]
[Round "4.19"]
[White "Bartholomew, John"]
[Black "Kashlinskaya, Alina"]
[Result "1-0"]
[WhiteTitle "IM"]
[BlackTitle "IM"]
[WhiteElo "2446"]
[BlackElo "2494"]
[WhiteFideId "2019353"]
[BlackFideId "4198026"]
[EventDate "2020.04.18"]

1. d4 Nf6 2. Nf3 d5 3. Bg5 Ne4 4. Bf4 Bf5 5. e3 e6 6. Nbd2 Bd6 7. Ne5 O-O 8. Bd3
Nd7 9. O-O Nxe5 10. dxe5 Be7 11. a4 c5 12. a5 Nxd2 13. Qxd2 Bxd3 14. Qxd3 c4 15.
Qd4 Qd7 16. Rfd1 Qc6 17. c3 h6 18. h4 Qb5 19. Qd2 Bd8 20. a6 bxa6 21. Qe2 a5 22.
Qg4 Kh7 23. Rd2 Be7 24. e4 dxe4 25. Bg3 Rad8 26. Qxe4+ Kg8 27. Rad1 Rxd2 28.
Rxd2 a4 29. Bf4 a3 30. bxa3 Bxa3 31. Be3 Bc5 32. Bxh6 gxh6 33. Qg4+ Kh7 34. Qe4+
Kh8 35. Qf4 Qb1+ 36. Kh2 Qg6 37. Qxc4 Bb6 38. Qf4 Rg8 39. g3 a5 40. Rd7 Rg7 41.
Rb7 Bc5 42. Rc7 Ba3 43. Ra7 Qc2 44. Rxf7 Rxf7 45. Qxf7 Bc5 46. Qf6+ Kg8 47.
Qxe6+ Kf8 48. Qxh6+ Ke7 49. Qf6+ Kd7 50. Qf7+ Kc6 51. Qe6+ Kb5 52. Qd7+ Kc4 53.
Qf7+ Kxc3 54. e6 a4 55. Qf6+ Kc4 56. Kh3 a3 57. e7 Bxe7 58. Qf7+ Kc3 59. Qxe7 a2
60. Qa3+ Kd2 61. Qd6+ Ke1 62. Qe5+ Kxf2 63. Qf4+ Kg1 64. Qe5 Qc8+ 65. g4 Qc2 66.
Qe1# 1-0

[Event "IM Not A GM Speed Chess"]
[Site "chess.com INT"]
[Date "2020.05.23"]
[Round "4.20"]
[White "Kashlinskaya, Alina"]
[Black "Bartholomew, John"]
[Result "1-0"]
[WhiteTitle "IM"]
[BlackTitle "IM"]
[WhiteElo "2494"]
[BlackElo "2446"]
[WhiteFideId "4198026"]
[BlackFideId "2019353"]
[EventDate "2020.04.18"]

1. d4 d5 2. c4 c6 3. Nf3 Nf6 4. Nc3 dxc4 5. a4 Bf5 6. Ne5 Nbd7 7. Nxc4 Nb6 8.
Ne5 a5 9. e3 h6 10. f3 e6 11. e4 Bh7 12. Be2 Be7 13. O-O O-O 14. Be3 Nfd7 15.
Nxd7 Nxd7 16. Qb3 Qb8 17. Rad1 e5 18. dxe5 Nxe5 19. Bf4 Bf6 20. Nb1 Kh8 21. Na3
Qa7+ 22. Kh1 Qc5 23. Rc1 Qb4 24. Qc2 Ng6 25. Bd2 Qxb2 26. Nc4 Qxc2 27. Rxc2 Bd8
28. Rb1 b5 29. axb5 cxb5 30. Rxb5 a4 31. Bb4 Re8 32. Nd6 Re7 33. Bc4 Ne5 34. Bd5
Ra6 35. Rc8 Rd7 36. Rbb8 Bg8 37. Rxd8 Rxd8 38. Rxd8 Kh7 39. f4 Ng4 40. h3 Ne3
41. Bxf7 Bxf7 42. Nxf7 Kg6 43. Ne5+ Kh7 44. f5 a3 45. Nf7 a2 46. Rh8# 1-0